000 00979nam a22002057a 4500
999 _c36268
_d36268
003 OSt
005 20251217175128.0
008 140214b2025 slv spa
040 _cBMC
082 _a421
100 _949877
_aReyes Mazariego, Evelyn Carolina
245 1 0 _aPasantía en Instituto Nacional de Candelaria de la Frontera, Candelaria de la Frontera, Santa Ana Este
_b: informe final
_cEvelyn Carolina Reyes Mazariego
260 _aSanta Ana (El Salvador)
_bUniversidad Católica de El Salvador
_c2025
300 _a1 folleto (18 h.)
_bil. col
_c27 cm
_e+ 1 disco compacto
500 _aPrecede al tít.: Universidad Católica de El Salvador, Facultad de Ciencias y Humanidades
502 _aPara optar al grado académico de Licenciatura en Ciencias de la Educación con especialidad en Idioma Inglés
650 2 4 _917984
_aLengua inglesa
_xFonología
710 2 _91075
_aUniversidad Católica de El Salvador
_bFacultad de Ciencias y Humanidades
942 _2ddc
_cTG